[Event "34th Chess Olympiad (men)"]
[Site "Istanbul"]
[Date "2000.11.08"]
[Round "11.39.2"]
[White "Bejaoui, Anis"]
[Black "Amer, Karim"]
[WhiteElo "2124"]
[BlackElo "2240"]
[WhiteCountry "TUN"]
[BlackCountry "PAK"]
[Result "0-1"]

1. d4 e6 2. f4 d5 3. e3 c5 4. c3 Nc6 5. Nf3 Nf6 6. Nbd2 Bd7 7. Ne5 Bd6 
8. Ndf3 h6 9. Be2 c4 10. O-O Ne4 11. Nd2 Nxd2 12. Bxd2 Bxe5 13. fxe5 Qe7 
14. e4 dxe4 15. Bxc4 Nxe5 16. Qb3 Nxc4 17. Qxc4 Rc8 18. Qe2 Bc6 19. Be3 a6 
20. Qc4 Qd7 21. Qc5 Bb5 22. Qe5 f6 23. Qh5+ Qf7 24. Qxf7+ Kxf7 25. Rfc1 Bd3 
26. a4 Rhe8 27. b3 b5 28. axb5 axb5 29. Kf2 e5 30. dxe5 Rxe5 31. h4 Re6 
32. g3 Kg6 33. Ra7 Rec6 34. h5+ Kh7 35. Bd4 R6c7 36. Rca1 Bc2 37. R1a3 Kg8 
38. Rxc7 Rxc7 39. Ra8+ Kf7 40. b4 Bd3 41. g4 Ke6 42. Ke3 Kd5 43. Kf4 Kc4 
44. Re8 Kd5 45. Rd8+ Ke6 46. Re8+ Re7 47. Ra8 Kf7 48. Bc5 Re8 49. Ra7+ Kg8 
50. Be3 
0-1

[Event "34th Chess Olympiad (men)"]
[Site "Istanbul"]
[Date "2000.11.08"]
[Round "11.39.3"]
[White "Ullah, Asad"]
[Black "Jday, Wassim"]
[WhiteElo "2000"]
[BlackElo "2000"]
[WhiteCountry "PAK"]
[BlackCountry "TUN"]
[Result "0-1"]

1. e4 c5 2. Nf3 d6 3. g3 Nc6 4. Bg2 Bg4 5. O-O Qd7 6. d3 h5 7. h4 g6 8. c3 Bg7 
9. Re1 Nh6 10. Nbd2 f5 11. Nc4 fxe4 12. dxe4 Rf8 13. Ne3 Bxf3 14. Bxf3 O-O-O 
15. Bg2 Rf7 16. Nd5 Kb8 17. Rb1 Rdf8 18. Rf1 Ne5 19. Bxh6 Bxh6 20. f4 Nc6 
21. b4 e6 22. Bh3 Qe8 23. Ne3 Qe7 24. bxc5 dxc5 25. Qb3 e5 26. Nd5 Qd6 
27. f5 gxf5 28. Bxf5 Rg8 29. Kh2 Rfg7 30. Rg1 Nd8 31. a4 Qa6 32. Qb5 Qxb5 
33. Rxb5 Bf4 34. Nf6 Bxg3+ 35. Kh3 Bf2 36. Rxg7 Rxg7 37. Nxh5 Rg1 38. Nf6 Rg3+ 
39. Kh2 Rxc3 40. h5 Nf7 41. Bg6 Nh6 42. Kg2 Bd4 43. Bf5 Rc4 44. Be6 Rxa4 
45. Ng8 Nxg8 46. Bxg8 Be3 47. Kf3 Ra3 48. Kg4 b6 49. Rb1 Bf4 50. Kf5 Rh3 
51. Bf7 Kb7 52. Ke6 c4 53. Kd7 c3 54. Bd5+ Ka6 55. Bc6 Ka5 56. Rb5+ Ka4 
57. Rxb6+ Ka3 58. Ra6+ Kb2 59. Ba4 c2 60. Bxc2 Kxc2 61. Rxa7 Rxh5 62. Ke6 Be3 
63. Ra3 Kd2 64. Kd5 Ke2 65. Ra8 Kf3 66. Ra3 Kf4 67. Ra8 Bd4 68. Rf8+ Ke3 
69. Rf1 Rh2 70. Re1+ Re2 71. Rh1 Rc2 72. Rh3+ Kf4 73. Rh4+ Kg5 74. Rh1 Rc5+ 
75. Ke6 Kg4 76. Rf1 Be3 77. Kf6 Bf4 78. Ke6 Rc4 79. Re1 Bg3 
0-1

[Event "34th Chess Olympiad (men)"]
[Site "Istanbul"]
[Date "2000.11.08"]
[Round "11.39.4"]
[White "Bouhlel, Mohamed"]
[Black "Waqar, Mohamed"]
[WhiteElo "2000"]
[BlackElo "2208"]
[WhiteCountry "TUN"]
[BlackCountry "PAK"]
[Result "0-1"]

1. e4 c5 2. c3 g6 3. d4 Bg7 4. dxc5 Qc7 5. Be3 Nf6 6. Qc2 O-O 7. Na3 Ng4 
8. Qd2 Nxe3 9. Qxe3 Na6 10. Nf3 Qxc5 11. Qxc5 Nxc5 12. Nd2 a6 13. O-O-O b5 
14. Nc2 d6 15. Be2 Be6 16. Kb1 Rab8 17. Nb4 Rfc8 18. Nd5 Kf8 19. Nf4 Bd7 
20. Nd3 Na4 21. Rc1 f5 22. f3 Bh6 23. Rc2 Nb6 24. Nc1 Rc7 25. Ncb3 Rbc8 
26. Rf1 e5 27. Bd3 Ke7 28. Re1 Kf6 29. Nf1 Be6 30. Nbd2 Nd7 31. Ne3 Nc5 
32. Bf1 fxe4 33. Nxe4+ Ke7 34. Nxc5 Rxc5 35. Bd3 Rf8 36. Rce2 Bf4 37. Nf1 a5 
38. Ng3 b4 39. cxb4 axb4 40. Rc2 Rxc2 41. Bxc2 Rc8 42. Bd3 Ra8 43. b3 Rc8 
44. Ne2 Bd2 45. Rd1 Be3 46. Kb2 h5 47. Be4 h4 48. a3 bxa3+ 49. Kxa3 g5 
50. Rd3 Bf2 51. Nc3 Bd4 52. Nb5 d5 53. Bg6 Bc5+ 54. Kb2 Kf6 55. Bh5 d4 
56. h3 Bf5 57. Rd1 Rb8 58. Nc7 d3 59. Na6 Bd4+ 
0-1

[Event "34th Chess Olympiad (men)"]
[Site "Istanbul"]
[Date "2000.11.08"]
[Round "11.40.1"]
[White "Dineley, Richard"]
[Black "Arduman, Can"]
[WhiteElo "2273"]
[BlackElo "2397"]
[WhiteCountry "WLS"]
[BlackCountry "TURA"]
[Result "1/2-1/2"]

1. e4 c5 2. Nf3 Nc6 3. d4 cxd4 4. Nxd4 Nf6 5. Nc3 e5 6. Ndb5 d6 7. Bg5 a6 
8. Na3 b5 9. Bxf6 gxf6 10. Nd5 Bg7 11. c3 f5 12. exf5 Bxf5 13. Nc2 O-O 
14. Nce3 Be6 15. g3 Rb8 16. a3 a5 17. Bg2 f5 18. O-O Qd7 19. Qh5 Qf7 20. Qxf7+ 
1/2-1/2

[Event "34th Chess Olympiad (men)"]
[Site "Istanbul"]
[Date "2000.11.08"]
[Round "11.40.2"]
[White "Soylu, Suat"]
[Black "Varley, Peter"]
[WhiteElo "2345"]
[BlackElo "2257"]
[WhiteCountry "TURA"]
[BlackCountry "WLS"]
[Result "1-0"]

1. e4 e5 2. Nf3 Nc6 3. Bb5 d6 4. d4 Bd7 5. Nc3 g6 6. Bxc6 Bxc6 7. dxe5 dxe5 
8. Qxd8+ Kxd8 9. Nxe5 Be8 10. Bf4 f6 11. O-O-O+ Kc8 12. Nc4 g5 13. Bg3 Be7 
14. Nd5 Bd8 15. Rd3 b5 16. Rhd1 Bh5 17. Ndb6+ axb6 18. Rxd8+ Kb7 19. Rxa8 Bxd1 
20. Rf8 Bh5 21. Ne3 Kc6 22. Nd5 
1-0

[Event "34th Chess Olympiad (men)"]
[Site "Istanbul"]
[Date "2000.11.08"]
[Round "11.40.3"]
[White "Zeidler, Sven P"]
[Black "Gurcan, Selim"]
[WhiteElo "2255"]
[BlackElo "2295"]
[WhiteCountry "WLS"]
[BlackCountry "TURA"]
[Result "1-0"]

1. e4 c5 2. Nc3 Nc6 3. Bb5 Nd4 4. Bc4 e6 5. Nge2 Nf6 6. O-O d5 7. exd5 exd5 
8. Nxd4 dxc4 9. Nf3 Be7 10. Re1 Bf5 11. Ne5 Qc7 12. Nb5 Qd8 13. Nxc4 O-O 
14. d3 a6 15. Nc3 Qc7 16. Qf3 Be6 17. Bf4 Qd8 18. Qxb7 Nd7 19. Na4 Bg5 
20. Bxg5 Qxg5 21. Rxe6 fxe6 22. Qxd7 Rf6 23. Qc6 Raf8 24. Qxc5 Qg4 25. Nc3 Qh4 
26. Rf1 Rh6 27. Qe5 Rh5 28. Qxe6+ Kh8 29. h3 Rhf5 30. Ne4 h6 31. Ne5 
1-0

[Event "34th Chess Olympiad (men)"]
[Site "Istanbul"]
[Date "2000.11.08"]
[Round "11.40.4"]
[White "Karadeniz, Emre"]
[Black "Jones, Richard S"]
[WhiteElo "2278"]
[BlackElo "2114"]
[WhiteCountry "TURA"]
[BlackCountry "WLS"]
[Result "1-0"]

1. d4 Nf6 2. c4 g6 3. Nc3 Bg7 4. e4 O-O 5. Bg5 d6 6. h3 c6 7. Nf3 a6 8. Bd3 b5 
9. O-O Nbd7 10. Rc1 Bb7 11. Re1 e5 12. d5 cxd5 13. Nxd5 Bxd5 14. cxd5 Qa5 
15. Bd2 Qd8 16. Bb4 Ne8 17. Rc6 Nb8 18. Rc2 Bh6 19. Bd2 Bxd2 20. Qxd2 Qb6 
21. Rec1 Ra7 22. Qh6 f6 23. h4 b4 24. Rc8 Nd7 25. R1c6 Qa5 26. h5 g5 
27. Nxg5 fxg5 28. Qe6+ Kh8 29. Rxe8 b3 30. Rxf8+ Nxf8 31. Rc8 
1-0

[Event "34th Chess Olympiad (men)"]
[Site "Istanbul"]
[Date "2000.11.08"]
[Round "11.41.1"]
[White "Sosa, Luis"]
[Black "Espinosa, Rafael"]
[WhiteElo "2166"]
[BlackElo "2406"]
[WhiteCountry "PUR"]
[BlackCountry "MEX"]
[Result "0-1"]

1. d4 d5 2. Bg5 Nf6 3. Bxf6 exf6 4. e3 c6 5. c4 dxc4 6. Bxc4 Bd6 7. Nc3 f5 
8. Qf3 Nd7 9. Nge2 Nf6 10. h4 Qa5 11. O-O-O O-O 12. Kb1 Ne4 13. d5 cxd5 
14. Bxd5 Nxc3+ 15. Nxc3 Be5 16. Ne2 Be6 17. Bxe6 fxe6 18. h5 Rac8 19. h6 Bxb2 
20. Rd7 Be5 21. Nd4 Bxd4 22. Rxd4 Qb5+ 23. Ka1 Rc2 24. Rb1 Qa5 25. Rb2 Rc1+ 
0-1

[Event "34th Chess Olympiad (men)"]
[Site "Istanbul"]
[Date "2000.11.08"]
[Round "11.41.2"]
[White "Gonzalez, Garcia Jose"]
[Black "Santa, Torres Juan"]
[WhiteElo "2440"]
[BlackElo "2226"]
[WhiteCountry "MEX"]
[BlackCountry "PUR"]
[Result "1/2-1/2"]

1. d4 Nf6 2. Nf3 d5 3. c4 c6 4. Nc3 e6 5. e3 Nbd7 6. Bd3 Bd6 7. e4 dxe4 
8. Nxe4 Nxe4 9. Bxe4 Nf6 10. Bc2 O-O 11. O-O c5 12. dxc5 Bxc5 13. Qe2 h6 
14. Bf4 b6 15. Be4 Nxe4 16. Qxe4 Ba6 17. a3 Qc8 18. Ne5 Bb7 19. Qe2 f6 
20. Ng6 Re8 21. b4 
1/2-1/2

[Event "34th Chess Olympiad (men)"]
[Site "Istanbul"]
[Date "2000.11.08"]
[Round "11.41.3"]
[White "Santa, Luis A"]
[Black "Estrada, Nieto Julian"]
[WhiteElo "2201"]
[BlackElo "2397"]
[WhiteCountry "PUR"]
[BlackCountry "MEX"]
[Result "0-1"]

1. d4 d5 2. Nf3 c5 3. c3 Qc7 4. e3 Nf6 5. Bd3 g6 6. O-O Nbd7 7. Nbd2 Bg7 
8. Re1 O-O 9. e4 dxe4 10. Nxe4 Nxe4 11. Bxe4 Nf6 12. Bd3 b6 13. dxc5 bxc5 
14. Qe2 e6 15. Ne5 Bb7 16. Bd2 Rad8 17. Rad1 Nh5 18. Bc1 Rd5 19. Nc4 Rfd8 
20. f3 Ba6 21. Bc2 Be5 22. f4 Bxf4 23. Bxf4 Qxf4 24. Bd3 Bxc4 
0-1

[Event "34th Chess Olympiad (men)"]
[Site "Istanbul"]
[Date "2000.11.08"]
[Round "11.41.4"]
[White "Russek, Guil"]
[Black "Ovalle, Ramon"]
[WhiteElo "2400"]
[BlackElo "2151"]
[WhiteCountry "MEX"]
[BlackCountry "PUR"]
[Result "1-0"]

1. e4 c5 2. c3 d5 3. exd5 Qxd5 4. d4 Nf6 5. Nf3 e6 6. Be2 Nc6 7. O-O Be7 
8. c4 Qd8 9. dxc5 O-O 10. Nc3 Bxc5 11. Bg5 Be7 12. Qc2 Qa5 13. Rfd1 a6 
14. a3 Qc7 15. Bh4 Rd8 16. Bg3 Rxd1+ 17. Rxd1 Qa5 18. Qc1 Nh5 19. b4 Nxg3 
20. bxa5 Nxe2+ 21. Nxe2 
1-0

[Event "34th Chess Olympiad (men)"]
[Site "Istanbul"]
[Date "2000.11.08"]
[Round "11.42.1"]
[White "Bin Sattar, Reefat"]
[Black "Hakki, Imad"]
[WhiteElo "2467"]
[BlackElo "2429"]
[WhiteCountry "BAN"]
[BlackCountry "SYR"]
[Result "0-1"]

1. e4 c5 2. Nf3 d6 3. d4 cxd4 4. Nxd4 Nf6 5. Nc3 e6 6. Be3 a6 7. f3 b5 
8. Qd2 Nbd7 9. g4 h6 10. O-O-O Bb7 11. h4 b4 12. Na4 Qa5 13. b3 Nc5 14. a3 Rc8 
15. Qxb4 Qc7 16. Nxc5 dxc5 17. Qa4+ Nd7 18. Ne2 c4 19. Bf4 Qc6 20. Kb2 Qxa4 
21. bxa4 g5 22. hxg5 Bg7+ 23. Kc1 hxg5 24. Rxh8+ Bxh8 25. Bxg5 Nc5 26. Nf4 Nxa4 
27. Nh5 Bb2+ 28. Kd2 Nc3 29. Re1 Nb5 30. Ke3 Nxa3 31. Kf2 Nxc2 32. Re2 Bd4+ 
33. Kg3 Nb4 34. e5 Nd5 35. Re4 Bb2 36. Bxc4 Nb6 37. Nf6+ Kf8 38. Re2 Nxc4 
39. f4 Bc3 40. Bh6+ Ke7 41. Bg5 Ba5 
0-1

[Event "34th Chess Olympiad (men)"]
[Site "Istanbul"]
[Date "2000.11.08"]
[Round "11.42.2"]
[White "Khatib, Kamel"]
[Black "Rahman, Ziaur"]
[WhiteElo "2000"]
[BlackElo "2421"]
[WhiteCountry "SYR"]
[BlackCountry "BAN"]
[Result "0-1"]

1. d4 e6 2. Nf3 Nf6 3. g3 b5 4. Bg2 Bb7 5. O-O c5 6. c3 Na6 7. Nbd2 Be7 
8. a4 b4 9. Re1 O-O 10. e4 bxc3 11. bxc3 cxd4 12. cxd4 Nb4 13. e5 Nfd5 
14. Ne4 Rc8 15. Re2 Ba6 16. Rd2 Qa5 17. Ne1 Rc7 18. Rb2 Rc4 19. Bg5 Bxg5 
20. Nxg5 h6 21. Ne4 Nc6 22. Nf3 Nc3 23. Nxc3 Qxc3 24. Rd2 Ne7 25. Bf1 Rc6 
26. Bxa6 Rxa6 27. Rc2 Qb4 28. Rc7 Rd8 29. Qc2 Nc6 30. Rb1 Qxa4 31. Qxa4 Rxa4 
32. Rbb7 g5 33. h3 a5 34. Rxd7 Rxd7 35. Rxd7 Ra1+ 36. Kg2 a4 37. Rc7 Nb4 
38. Nd2 Nd5 39. Ra7 a3 40. Ne4 Kg7 41. Nd6 a2 42. g4 Nc3 43. Ne8+ Kg6 
44. Nf6 Nd5 45. Nxd5 exd5 46. Kf3 Kg7 47. Ra8 Kh7 48. Ke2 Kg7 49. Kf3 Rd1 
50. Rxa2 Rxd4 51. Ra5 Kf8 52. Ra6 Rf4+ 53. Kg2 Re4 54. Rxh6 Rxe5 55. h4 gxh4 
56. Rxh4 Ke7 57. Rh3 Kd6 58. Rf3 Ke6 59. Rd3 Kd6 60. Rf3 Re7 61. Rd3 Kc5 
62. f4 d4 63. g5 Kc4 64. Rd1 d3 65. Kf3 Kc3 66. Rc1+ Kb2 67. Rc8 d2 68. Rd8 Kc1 
69. Rc8+ Kd1 70. Kf2 Re4 71. Kf3 Ra4 72. f5 Rd4 73. Ke3 Rd7 74. Rh8 Kc1 
75. Rc8+ Kb2 76. Rb8+ Kc3 77. Rc8+ Kb4 78. Rb8+ Kc5 79. Rc8+ Kb6 
0-1

[Event "34th Chess Olympiad (men)"]
[Site "Istanbul"]
[Date "2000.11.08"]
[Round "11.42.3"]
[White "Hossain, Rajib"]
[Black "Al-Baba, Izate"]
[WhiteElo "2314"]
[BlackElo "2000"]
[WhiteCountry "BAN"]
[BlackCountry "SYR"]
[Result "1-0"]

1. e4 c5 2. Nf3 Nc6 3. d4 cxd4 4. Nxd4 Nf6 5. Nc3 d6 6. Bg5 e6 7. Qd2 a6 
8. O-O-O Bd7 9. f4 Qc7 10. Be2 Be7 11. Nf3 O-O-O 12. Bd3 Kb8 13. Rhe1 Bc8 
14. Kb1 h6 15. Bh4 b5 16. Bf2 Qa5 17. Nd4 Nxd4 18. Bxd4 b4 19. Ne2 e5 
20. Bg1 Be6 21. Nc1 exf4 22. Qf2 Rd7 23. Qxf4 Ng4 24. Nb3 Qa4 25. Qf1 Kc7 
26. Bc4 Ne5 27. Bxe6 fxe6 28. Nd4 Rc8 29. Nxe6+ Kb8 30. Qe2 Bf6 31. Bd4 Nc4 
32. Bxf6 gxf6 33. Nd4 Rdc7 34. Qd3 Na3+ 35. bxa3 Rc3 36. Qd2 Rxa3 37. Nb3 Rxa2 
38. Qxd6+ Ka8 39. Qd5+ Kb8 40. Qd6+ Ka8 41. Qd5+ Kb8 42. Re2 Qa3 43. Qd6+ Kb7 
44. Qxf6 Ka8 45. Rd7 
1-0

[Event "34th Chess Olympiad (men)"]
[Site "Istanbul"]
[Date "2000.11.08"]
[Round "11.42.4"]
[White "Mohamed, Sameer"]
[Black "Kabir, Syed"]
[WhiteElo "2287"]
[BlackElo "2243"]
[WhiteCountry "SYR"]
[BlackCountry "BAN"]
[Result "1-0"]

1. d4 e6 2. c4 b6 3. Nc3 Bb7 4. e4 Bb4 5. Qc2 Qh4 6. Bd3 f5 7. g3 Qh5 
8. f3 fxe4 9. Bxe4 Nc6 10. Be3 Nf6 11. Bd3 Bd6 12. Qg2 Nb4 13. Bb1 Ng4 
14. Bd2 Be7 15. a3 Qa5 16. Qe2 Qa6 17. Nb5 Rc8 18. d5 exd5 19. Bxb4 O-O 
20. Bxe7 Rf7 21. Bb4 dxc4 22. a4 d6 23. Bc2 Bc6 24. O-O-O Ne5 25. Bc3 Bxb5 
26. axb5 Qxb5 27. Bxe5 dxe5 28. Qe4 c6 29. Qxh7+ 
1-0

[Event "34th Chess Olympiad (men)"]
[Site "Istanbul"]
[Date "2000.11.08"]
[Round "11.43.1"]
[White "Kastanieda, Georgiy"]
[Black "Turgut, Tansel"]
[WhiteElo "2457"]
[BlackElo "2285"]
[WhiteCountry "PER"]
[BlackCountry "TURB"]
[Result "1-0"]

1. Nf3 c5 2. e3 d6 3. d4 Nf6 4. Be2 cxd4 5. exd4 d5 6. O-O Bg4 7. Ne5 Bxe2 
8. Qxe2 Nc6 9. c3 e6 10. Bg5 Be7 11. Nd2 O-O 12. f4 Nd7 13. Bxe7 Nxe7 
14. Rf3 b5 15. Nb3 Nxe5 16. fxe5 Rb8 17. Nc5 Nc6 18. Raf1 Qe7 19. b4 a5 
20. a3 axb4 21. axb4 Na7 22. Rh3 f5 23. exf6 Rxf6 24. Rxf6 Qxf6 25. Nd7 
1-0

[Event "34th Chess Olympiad (men)"]
[Site "Istanbul"]
[Date "2000.11.08"]
[Round "11.43.2"]
[White "Haznedaroglu, Kivanc"]
[Black "Ramos, Ernesto"]
[WhiteElo "2249"]
[BlackElo "2298"]
[WhiteCountry "TURB"]
[BlackCountry "PER"]
[Result "1-0"]

1. e4 e5 2. Nf3 Nc6 3. Bb5 a6 4. Ba4 Nf6 5. O-O Be7 6. Qe2 b5 7. Bb3 d6 
8. c3 O-O 9. d4 Bg4 10. Rd1 Qc8 11. a4 Na5 12. Bc2 c6 13. Nbd2 Qc7 14. Nf1 Be6 
15. Bg5 Bc4 16. Qe1 Nb3 17. Ra3 Bxf1 18. Qxf1 Na5 19. axb5 cxb5 20. Rda1 Nc4 
21. Rxa6 Rxa6 22. Rxa6 Nxb2 23. Qxb5 Rb8 24. Qc6 Qd8 25. Bxf6 gxf6 26. Ra7 Kf8 
27. h3 Qb6 28. Qxb6 Rxb6 29. Ra8+ Kg7 30. Nh4 f5 31. Nxf5+ Kf6 32. Re8 Rb7 
33. g4 exd4 34. cxd4 Rc7 35. Bb3 Nd3 36. Rxe7 Rc1+ 37. Kg2 Ne1+ 38. Kh2 Nf3+ 
39. Kg3 Ng5 40. e5+ dxe5 41. dxe5+ Kg6 42. Bxf7+ 
1-0

[Event "34th Chess Olympiad (men)"]
[Site "Istanbul"]
[Date "2000.11.08"]
[Round "11.43.3"]
[White "Esplana, Christian"]
[Black "Erdogan, Hakan"]
[WhiteElo "2239"]
[BlackElo "2217"]
[WhiteCountry "PER"]
[BlackCountry "TURB"]
[Result "0-1"]

1. e4 c5 2. Nf3 d6 3. d4 cxd4 4. Nxd4 Nf6 5. Nc3 g6 6. Be2 Bg7 7. O-O Nc6 
8. Nb3 O-O 9. Re1 Be6 10. Bf1 a5 11. a4 d5 12. exd5 Nxd5 13. Nb5 Ndb4 
14. Qe2 Nxc2 15. Rd1 Qb8 16. Qxc2 Nb4 17. Qe4 Bxb3 18. Rd7 Nc6 19. Ra3 Be6 
20. Bf4 Bf5 21. Qxf5 gxf5 22. Bxb8 Raxb8 23. Bd3 e6 24. Nd6 Ne5 25. Rxb7 Rbd8 
26. Rb6 Nxd3 27. Rxd3 Rd7 28. f4 Rfd8 29. Kf1 e5 30. Ke2 e4 31. Rd2 e3 
32. Kxe3 Bf8 33. Rd5 Bxd6 34. Rxf5 Bb4 35. Kf3 Rd3+ 36. Kg4 Rd2 37. g3 Rxh2 
38. Rb7 Rf8 39. b3 h6 40. Rb6 Re8 41. Rb7 Rf8 42. Rd5 Rc2 43. Rb6 Kg7 
44. Rb7 Rc3 45. Kh4 Re3 
0-1

[Event "34th Chess Olympiad (men)"]
[Site "Istanbul"]
[Date "2000.11.08"]
[Round "11.43.4"]
[White "Sayber, Zeki"]
[Black "Soto, Jorge"]
[WhiteElo "2204"]
[BlackElo "2225"]
[WhiteCountry "TURB"]
[BlackCountry "PER"]
[Result "0-1"]

1. e4 c5 2. Nf3 Nc6 3. d4 cxd4 4. Nxd4 Nf6 5. Nc3 e5 6. Ndb5 d6 7. a4 a6 
8. Na3 Be6 9. Bg5 Rc8 10. Bc4 Nd4 11. Bxe6 fxe6 12. O-O Be7 13. Be3 Nc6 
14. Qf3 d5 15. exd5 exd5 16. Bg5 Nd4 17. Qd1 O-O 18. Ne2 Ne6 19. Bxf6 Bxf6 
20. c3 Qd6 21. Nc2 Rfd8 22. Ne3 Bg5 23. Nf5 Qb6 24. Qb1 Nc5 25. Qa2 g6 
26. Nfg3 h5 27. b4 Ne6 28. a5 Qc6 29. Rfd1 h4 30. Nf1 Qc4 31. Qxc4 dxc4 
32. Rdb1 Rd5 33. h3 Rcd8 34. Nh2 Nc7 35. Nf3 Bf6 36. Nh2 Nb5 37. Ng4 Bg5 
38. Rb2 Kf7 39. Rc2 Rd1+ 40. Rxd1 Rxd1+ 41. Kh2 Ke6 42. g3 Rd2 43. Rxd2 Bxd2 
44. Ne3 Bxe3 45. fxe3 Kf5 46. Kg2 Ke4 47. Kf2 hxg3+ 48. Nxg3+ Kd3 49. Kf3 Nxc3 
50. e4 Nb5 
0-1

[Event "34th Chess Olympiad (men)"]
[Site "Istanbul"]
[Date "2000.11.08"]
[Round "11.44.1"]
[White "Al, Hadarani Hatim"]
[Black "Watanabe, Akira"]
[WhiteElo "2374"]
[BlackElo "2374"]
[WhiteCountry "YEM"]
[BlackCountry "JPN"]
[Result "1-0"]

1. Nf3 d5 2. c4 e6 3. b3 Nf6 4. Bb2 Nbd7 5. e3 Be7 6. d4 O-O 7. Nbd2 b6 
8. Bd3 Bb7 9. Qc2 c5 10. cxd5 exd5 11. Rd1 Rc8 12. Qb1 cxd4 13. Nxd4 Nc5 
14. Be2 Nce4 15. O-O Bb4 16. N2f3 Nc3 17. Bxc3 Rxc3 18. Nb5 Ne4 19. Bd3 Qe7 
20. Nfd4 Rc5 21. a3 Nd2 22. Bxh7+ Kh8 23. Qf5 g6 24. Qh3 Kg7 25. axb4 Bc8 
26. g4 Rxb5 27. Rxd2 Qxb4 28. Rfd1 Rc5 29. Qh4 g5 30. Qxg5+ Kxh7 31. Qe7 Kg8 
32. Rd3 a5 33. Qg5+ Kh7 34. h3 f6 35. Qh4+ Kg7 36. Qg3 Rf7 37. Kh2 Rcc7 
38. Rg1 Qf8 39. Qh4 Qh8 40. Nf5+ Kg8 41. Nh6+ Kf8 42. Rxd5 Bd7 43. Qg3 
1-0

[Event "34th Chess Olympiad (men)"]
[Site "Istanbul"]
[Date "2000.11.08"]
[Round "11.44.2"]
[White "Matsuo, Tomohiko"]
[Black "Al Badani, Abdo"]
[WhiteElo "2186"]
[BlackElo "2000"]
[WhiteCountry "JPN"]
[BlackCountry "YEM"]
[Result "1-0"]

1. e4 e5 2. Nf3 Nf6 3. Nxe5 d6 4. Nf3 Nxe4 5. d4 d5 6. Bd3 Be7 7. O-O O-O 
8. c4 Bf5 9. cxd5 Qxd5 10. Bxe4 Qxe4 11. Re1 Qg4 12. Rxe7 Nc6 13. Re1 Rad8 
14. Be3 Rd6 15. h3 Qh5 16. Nbd2 Rg6 17. Ne5 Rxg2+ 18. Kxg2 Qxh3+ 19. Kg1 Nxe5 
20. dxe5 Bg4 21. f3 Qg3+ 22. Kf1 Qh3+ 23. Ke2 Qh2+ 24. Kd3 Bf5+ 25. Kc3 Rd8 
26. Nf1 Qh4 27. Bf2 Qe7 28. Bd4 c5 29. b3 Rxd4 30. Qe2 Rd3+ 31. Kb2 Qd7 
32. Qf2 c4 33. Rac1 cxb3 34. axb3 Rxb3+ 35. Kxb3 Be6+ 36. Kb4 a5+ 37. Kxa5 b6+ 
38. Qxb6 Qd5+ 39. Qc5 Qa8+ 40. Kb4 Qb7+ 41. Qb5 Qe7+ 42. Rc5 Qh4+ 43. Re4 
1-0

[Event "34th Chess Olympiad (men)"]
[Site "Istanbul"]
[Date "2000.11.08"]
[Round "11.44.3"]
[White "Al Kadhi, Hameed"]
[Black "Tanaka, Yuuki"]
[WhiteElo "2335"]
[BlackElo "2126"]
[WhiteCountry "YEM"]
[BlackCountry "JPN"]
[Result "1/2-1/2"]

1. e4 e5 2. Nf3 Nc6 3. Bb5 a6 4. Ba4 Nf6 5. O-O Be7 6. d3 d6 7. c4 O-O 8. h3 h6 
9. Nc3 Nh7 10. Nd5 Ng5 11. Nxe7+ Qxe7 12. Bxg5 hxg5 13. Bxc6 bxc6 14. Nh2 g6 
15. d4 exd4 16. Qxd4 c5 17. Qd3 Re8 18. Rfe1 Qf6 19. b3 a5 20. Rab1 Bd7 
21. Nf1 Qd4 22. Qe3 Qxe3 23. Nxe3 Be6 24. Nd5 Bxd5 25. exd5 f6 26. Kf1 Kf7 
27. Rxe8 Rxe8 28. Re1 Rb8 29. Re3 Ra8 30. Ke2 a4 31. a3 axb3 32. Rxb3 Ke7 
33. Kd2 Ra4 34. Rc3 Kd7 35. Kc2 c6 36. Kb3 Ra8 37. Rf3 cxd5 38. cxd5 Ke7 
39. Re3+ Kf7 40. Re6 Ra6 41. a4 f5 42. g3 Rb6+ 43. Ka3 Ra6 44. f4 gxf4 
45. gxf4 Ra8 46. Rxd6 Rh8 47. a5 Rxh3+ 48. Ka4 Rf3 49. a6 Rxf4+ 50. Kb5 Rb4+ 
51. Kc6 f4 52. a7 Ra4 53. Kb7 f3 54. Rd7+ Kf6 55. Rd8 Ke5 56. d6 c4 57. d7 Kd6 
58. a8=Q Rxa8 59. Kxa8 f2 60. Rf8 Kxd7 61. Kb7 Kd6 62. Kb6 g5 63. Rxf2 Ke5 
64. Kc5 g4 65. Kxc4 Ke4 66. Rf8 g3 67. Rg8 Kf3 68. Kd3 g2 69. Rf8+ Kg3 
70. Ke2 g1=Q 71. Rg8+ Kh2 72. Rh8+ Kg3 73. Rg8+ Kh2 
1/2-1/2

[Event "34th Chess Olympiad (men)"]
[Site "Istanbul"]
[Date "2000.11.08"]
[Round "11.44.4"]
[White "Nakamura, Ryuji"]
[Black "Al-Zendani, Zendan"]
[WhiteElo "2127"]
[BlackElo "2224"]
[WhiteCountry "JPN"]
[BlackCountry "YEM"]
[Result "1-0"]

1. d4 Nf6 2. c4 g6 3. Nc3 Bg7 4. e4 d6 5. Nf3 O-O 6. Be2 Nc6 7. Be3 Ng4 
8. Bg5 h6 9. Bh4 Nf6 10. d5 Nb8 11. Nd4 c5 12. Nc2 a6 13. a4 g5 14. Bg3 Nxe4 
15. Nxe4 f5 16. Nc3 f4 17. O-O Nd7 18. Ne1 Ne5 19. Nf3 fxg3 20. hxg3 Ng4 
21. Nd2 Ne5 22. Nf3 Bf5 23. Nxe5 Bxe5 24. Bd3 Qd7 25. Qd2 Rf7 26. Rae1 Raf8 
27. Bxf5 Rxf5 28. Ne4 Qxa4 29. g4 Bf4 30. Qd3 R5f7 31. g3 Be5 32. Nxc5 dxc5 
33. Rxe5 Rg7 34. Rfe1 Qd7 35. Qe4 Rff7 36. Re6 Rh7 37. Qe5 Rhg7 
1-0

[Event "34th Chess Olympiad (men)"]
[Site "Istanbul"]
[Date "2000.11.08"]
[Round "11.45.1"]
[White "Crosa, Martin"]
[Black "Gwaze, Robert"]
[WhiteElo "2242"]
[BlackElo "2256"]
[WhiteCountry "URU"]
[BlackCountry "ZIM"]
[Result "1-0"]

1. e4 c5 2. Nf3 e6 3. d3 Nc6 4. g3 d5 5. Nbd2 Nf6 6. Bg2 Be7 7. O-O O-O 
8. Re1 Qc7 9. c3 b6 10. Nf1 dxe4 11. dxe4 Rd8 12. Qa4 Bb7 13. e5 Nd7 
14. Bf4 Na5 15. Qc2 h6 16. h4 c4 17. b4 cxb3 18. axb3 Rac8 19. c4 Bb4 
20. N1h2 Bxe1 21. Rxe1 b5 22. Ng4 bxc4 23. b4 Nb3 24. Bxh6 Bxf3 25. Bxf3 Nd4 
26. Qd1 Nf8 27. Bg5 Rd7 28. Be4 Ng6 29. h5 Nf5 30. Qc1 Nxe5 31. Nf6+ Kf8 
32. Nxd7+ Qxd7 33. h6 f6 34. Rd1 Nd3 35. h7 Ke7 36. h8=Q Rxh8 37. Qxc4 Rc8 
38. Qb3 fxg5 39. Rxd3 Rc1+ 40. Kg2 Qc7 41. Qb2 Rc2 42. Qa1 Rc1 43. Qb2 Rc2 
44. Qa1 Rc1 45. Qa3 g4 46. b5+ Qc5 47. Bc6 Nd6 48. Qb2 e5 49. Rd5 Qc3 
50. Rxe5+ Kf6 51. Qxc3 Rxc3 52. Rd5 Ke6 53. Rg5 Kf6 54. Rxg4 a6 55. Rf4+ Ke5 
56. Rb4 Rc5 57. f4+ Ke6 58. Rb2 axb5 59. Re2+ Kf6 60. Bd7 Kf7 61. Kf3 Rc7 
62. Be6+ Kf6 63. Bg8 Re7 64. Ra2 Re8 65. Ra6 Ke7 66. Bd5 Rd8 67. g4 b4 
68. g5 Nb5 69. Be4 Rd6 70. Ra4 Rd4 71. Ra5 Nc3 72. Bf5 Nd5 73. Ra7+ Kf8 
74. Be4 Nc3 75. Bg6 Rd6 76. f5 Rd3+ 77. Kf4 Rd8 78. Rb7 Nd5+ 79. Ke4 Nc3+ 
80. Ke5 Rd5+ 81. Ke6 Rb5 82. Rf7+ Kg8 83. Rd7 Rb8 84. f6 
1-0

[Event "34th Chess Olympiad (men)"]
[Site "Istanbul"]
[Date "2000.11.08"]
[Round "11.45.2"]
[White "Kachere, Clever"]
[Black "Granara, Barreto Sebastian A"]
[WhiteElo "2000"]
[BlackElo "2095"]
[WhiteCountry "ZIM"]
[BlackCountry "URU"]
[Result "0-1"]

1. e4 c5 2. Nf3 d6 3. d4 cxd4 4. Nxd4 Nf6 5. Nc3 g6 6. Be3 Bg7 7. f3 O-O 
8. Qd2 Nc6 9. Bc4 Bd7 10. O-O-O Rc8 11. Bb3 Ne5 12. h4 h5 13. Bg5 Rc5 
14. g4 hxg4 15. f4 Nc4 16. Qe2 Qc8 17. Bxf6 Bxf6 18. Nd5 Rxd5 19. exd5 Na5 
20. Kb1 Nxb3 21. cxb3 Qc5 22. Qc4 b5 23. Qxc5 dxc5 24. Nc6 g3 25. Kc1 Bf5 
26. Rde1 Kg7 27. Nxe7 Bg4 28. Rhg1 Rd8 29. Rxg3 Bxh4 30. Ree3 f5 31. Rg2 Rd7 
32. Nc6 Rxd5 33. Nxa7 Rd4 34. Nxb5 Rxf4 35. a4 Rb4 36. Kc2 Bf6 37. Nc3 c4 
38. bxc4 Rxc4 39. b3 Rc7 40. a5 f4 41. Rxg4 fxe3 42. Rc4 Ra7 43. b4 Bd8 
44. Rc5 Be7 45. Ne4 Rd7 46. Rc3 e2 47. Re3 Bxb4 48. Rxe2 Bxa5 49. Re3 Rd5 
50. Rd3 Rf5 51. Kd1 Re5 52. Rd7+ Kh6 53. Nf6 Kg5 54. Nh7+ Kg4 55. Rg7 Kh5 
56. Kc2 Bd8 57. Nf8 g5 58. Rh7+ Kg4 59. Nd7 Rf5 60. Kd3 Kg3 61. Ke4 Rf1 
62. Ne5 Bf6 63. Nd3 Bc3 64. Ke3 Rf8 65. Nc1 Re8+ 66. Kd3 Be5 67. Ne2+ Kg2 
68. Rb7 Bf4 69. Rf7 Re3+ 70. Kd2 Kf3 71. Nxf4 gxf4 72. Rf8 Re7 73. Rf6 Kg3 
74. Rg6+ Kf2 75. Rf6 f3 76. Rf8 Rd7+ 77. Kc2 Ke2 78. Re8+ Kf1 79. Kc1 f2 
80. Kc2 Rd4 81. Rf8 Kg2 82. Rg8+ Kf3 
0-1